000 00537nam a2200145Ia 4500
008 100122s9999 xx 000 0 und d
082 _b2647
_a823.08
100 _aसरदेसाई लक्ष्मणराव
245 _aकल्पवृक्षाच्या छायेत
260 _bसदानंद प्रकाशन
_c1924
300 _a148
630 _aकल्पवृक्षाच्या छायेत
730 _aकल्पवृक्षाच्या छायेत
942 _cBOOK
999 _c396976
_d396973